000 00409nam a2200169Ia 4500
005 20140405085047.0
008 140130s9999 xx 000 0 und d
050 _aPZ 7
_b.T8535Ne 1987
245 _cAnn Turner
_aNettie's Trip South
260 _bScholastic,
_c1987
300 _a[30] p. :
_bill. ;
_c27 cm.
440 _v1
_931174
521 _aG7
526 _c860
942 _cBK
_2lcc
999 _c41233
_d41233